Fleetwood Mac - Little Lies lyrics - Statistics

General Stats
  • This quiz has been taken 215 times
  • The average score is 121 of 161
Answer Stats
Lyrics % Correct
lies.
98%
me,
97%
me
97%
Tell
97%
tell
97%
little
96%
sweet
95%
I
94%
you.
91%
you
91%
You
91%
no
88%
no,
88%
No
88%
a
86%
can't
83%
the
82%
Oh
79%
If
77%
could
74%
disguise.
71%
disguise,
71%
in
68%
turn
66%
time,
63%
page
62%
just
60%
to
59%
my,
58%
my
58%
day
55%
your,
55%
your
55%
eyes.
54%
Close
53%
close
53%
that
52%
it
50%
then
50%
or
49%
rearrange
48%
two.
48%
I'd
47%
why.
46%
so
44%
way,
44%
for
43%
one
43%
I'm
42%
more
42%
not
42%
believe
41%
broken
40%
But
40%
find
40%
I'll
40%
reason
40%
give
39%
hearts.
39%
understand
38%
couldn't
37%
off
36%
making
35%
there's
35%
try.
35%
We're
34%
better
33%
hope
33%
Although
30%
settle
30%
plans,
27%
Let's
24%
apart.
22%
No matching quizzes found
Score Distribution
Percent of People with Each Score
Percentile by Number Answered
Your Score History
You have not taken this quiz